[Event "Tel Aviv-B"]
[Site "Tel Aviv"]
[Date "1991.??.??"]
[Round "9"]
[White "Liss, Eran"]
[Black "Shvidler, Eliahu"]
[Result "1/2-1/2"]
[WhiteElo "2325"]
[BlackElo "2425"]

1.e4 e5 2.Nf3 Nc6 3.Bb5 a6 4.Ba4 Nf6 5.O-O Be7 6.Re1 b5 7.Bb3 d6 8.c3 O-O
9.h3 Bb7 10.d4 Re8 11.Nbd2 Bf8 12.a4 h6 13.Bc2 exd4 14.cxd4 Nb4 15.Bb1 bxa4
16.Rxa4 a5 17.Ra3 Ra6 18.Nh2 g6 19.f3 Bg7 20.Nc4 Qa8 21.d5 Rd8 22.Bd2 c6
23.dxc6 Nxc6 24.Rd3 d5 25.exd5 Nb4 26.Bxb4 axb4 27.Qd2 Rxd5 28.Qxb4 Qa7+
29.Kh1 Nh5 30.Nf1 Rg5 31.Nce3 Bxf3 32.gxf3 Rb6 33.Qe4 Re5 34.Qc4 Rxb2 35.Bc2 Rb8
36.Red1 Rb7 37.Ng4 Rc7 38.Rd8+ Kh7 39.Qd3  1/2-1/2

[Event "Toledo"]
[Site "Toledo"]
[Date "1991.??.??"]
[Round "1"]
[White "Martin Gonzalez, Angel"]
[Black "Gomez Esteban, Juan Mario"]
[Result "0-1"]
[WhiteElo "2445"]
[BlackElo "2400"]

1.e4 e5 2.Nf3 Nc6 3.Bb5 a6 4.Ba4 Nf6 5.O-O Be7 6.Re1 b5 7.Bb3 d6 8.c3 O-O
9.h3 Bb7 10.d4 Re8 11.Nbd2 Bf8 12.a3 h6 13.Bc2 Nb8 14.b4 Nbd7 15.Bb2 g6 16.c4 exd4
17.cxb5 axb5 18.Nxd4 c6 19.Bb3 Bg7 20.Re3 Qb6 21.Qe2 Nh5 22.N2f3 c5 23.bxc5 Nxc5
24.Ba2 Nf4 25.Qxb5 Qxb5 26.Nxb5 Bxb2 27.Rb1 Be5 28.Nxe5 dxe5 29.Nd6 Re7 30.Rb5 Rc7
31.Nxf7 Kg7 32.Nxe5 Rd8 33.Bc4 Rd1+ 34.Kh2 Rd2 35.Rc3 Nxe4 36.Re3 Rxf2 37.Rxe4 Rxg2+
38.Kh1 Bxe4  0-1

[Event "COL-ch"]
[Site "Tunja"]
[Date "1991.??.??"]
[Round "?"]
[White "Garcia, Gildardo"]
[Black "Gonzales, Jorge A"]
[Result "1-0"]
[WhiteElo "2445"]
[BlackElo "2320"]

1.e4 e5 2.Nf3 Nc6 3.Bb5 a6 4.Ba4 Nf6 5.O-O Be7 6.Re1 b5 7.Bb3 O-O 8.c3 d6
9.h3 Bb7 10.d4 Re8 11.Nbd2 Bf8 12.a4 h6 13.Bc2 exd4 14.cxd4 Nb4 15.Bb1 c5
16.Ra3 Rc8 17.d5 Rc7 18.Nf1 g6 19.Ng3 Bg7 20.Bd2 Nd7 21.Qb3 a5 22.Bc3 c4
23.Qd1 Nc5 24.axb5 Ncd3 25.Re2 Rce7 26.Bxg7 Kxg7 27.Rc3 Qb6 28.Rxc4 Bxd5
29.Bxd3 Nxd3 30.Qxd3 Bxc4 31.Qxc4 Rb8 32.Qc3+ Kh7 33.Qf6 Rbb7 34.Rd2 Qxb5
35.e5 dxe5 36.Rd8 Re8 37.Rxe8 Qxe8 38.Nxe5 Qe7 39.Qxe7 Rxe7 40.Nc4 Rc7 41.Nxa5 Rc5
42.b4 Rb5 43.Nc6 Rb6 44.Ne5 Kg7 45.Nd3 Rd6 46.Nc5 Rb6 47.f4 Rxb4 48.f5 Rb5
49.Nce4 gxf5 50.Nd6 Rb1+ 51.Kf2 Rb2+ 52.Kf3 Rb3+ 53.Kf4 Rb4+ 54.Kxf5 Rb2
55.Nh5+ Kf8 56.Nf4 Ke7 57.Nc4 Rb5+ 58.Kg4 Kf6 59.Ne3 Rg5+ 60.Kh4 Ra5 61.g4 Kg7
62.Nfd5 Kg6 63.Nf5 Ra3 64.Nfe7+ Kg7 65.Nf4 Rf3 66.Ned5 Ra3 67.Nh5+ Kh7 68.Ndf6+ Kg6
69.Nd7 Kh7 70.Ne5 Kg8 71.Nf6+ Kf8 72.Nc4 Rf3 73.Ne4 h5 74.Ncd2 Rxh3+ 75.Kxh3 hxg4+
76.Kg3 f5 77.Nf2 f4+ 78.Kxg4 f3 79.Kf5 Ke7 80.Nde4 Kd7 81.Kf6 Kc6 82.Ke6 Kc7
83.Nc5 Kc6 84.Ncd3 Kc7 85.Ne5 Kb6 86.Kd5 Kb5 87.Nc4 Ka6 88.Kc6 Ka7 89.Kb5 Kb7
90.Nd6+ Kc7 91.Kc5 Kd7 92.Nb5 Kc8 93.Kb6 Kb8 94.Nc7 Kc8 95.Na6 Kd7 96.Kc5 Kd8
97.Kd6 Kc8 98.Kc6 Kd8 99.Nc5 Ke7 100.Kc7 Ke8 101.Nb7 Ke7 102.Nd8 Kf6 103.Kd6 Kf5
104.Ne6 Kf6 105.Nd4 Kf7 106.Nc6 Kf6 107.Nd4 Kf7 108.Nc6 Kf6 109.Ne7 Kf7 110.Nd5 Kf8
111.Ke6 Ke8 112.Ne7 Kd8 113.Kd6 Ke8 114.Nc6 Kf8 115.Ke5 Kf7 116.Kf5 Kf8 117.Kf6 Ke8
118.Ke6 Kf8 119.Ne5 Ke8 120.Nf7 Kf8 121.Nd6 Kg7 122.Kf5 Kh6 123.Nf7+ Kg7
124.Nd6 Kh6 125.Ke5 Kg7 126.Ke6 Kg6 127.Nf7 Kg7 128.Ne5 Kg8 129.Nc4 Kf8 130.Nd6 Kg7
131.Ne8+ Kg6 132.Nf6 Kg5 133.Nd5 Kh4 134.Kf5 Kg3 135.Ne4+ Kh2 136.Ne3 f2
137.Nf1+ Kg2 138.Ned2 Kg1 139.Kg4 Kg2 140.Kh4 Kh1 141.Kg3 Kg1 142.Kh3 Kh1  1-0

[Event "Vienna op"]
[Site "Vienna"]
[Date "1991.??.??"]
[Round "6"]
[White "Tolnai, Tibor"]
[Black "Klovans, Janis"]
[Result "0-1"]
[WhiteElo "2480"]
[BlackElo "2385"]

1.e4 e5 2.Nf3 Nc6 3.Bb5 a6 4.Ba4 Nf6 5.O-O Be7 6.Re1 b5 7.Bb3 d6 8.c3 O-O
9.h3 Bb7 10.d4 Re8 11.Nbd2 Bf8 12.a4 h6 13.Bc2 exd4 14.cxd4 Nb4 15.Bb1 c5
16.d5 Nd7 17.Ra3 f5 18.exf5 Nf6 19.Ne4 Bxd5 20.Nxf6+ Qxf6 21.Bd2 Qxb2 22.Bxb4 Bf7
23.Rae3 Rxe3 24.Rxe3 cxb4 25.Re2 Qa1 26.axb5 axb5 27.Nd4 b3 28.Nxb3 Qc3 29.Re3 Qb2
30.Be4 Ra2 31.Qf3 d5 32.Bxd5 Qb1+ 33.Kh2 Bd6+ 34.g3 Rxf2+ 35.Qxf2 Bxd5 36.Re8+ Kf7
37.Re1 Qxb3 38.Re3 Qd1 39.Re1 Qf3 40.Qg1 Bc5 41.Qf1 Qxf1 42.Rxf1 b4  0-1

[Event "ARG-ch"]
[Site "ARG"]
[Date "1992.??.??"]
[Round "?"]
[White "Adla, Diego"]
[Black "Rosito, Jorge"]
[Result "1/2-1/2"]
[WhiteElo "2435"]
[BlackElo "2345"]

1.e4 e5 2.Nf3 Nc6 3.Bb5 a6 4.Ba4 Nf6 5.O-O Be7 6.Re1 b5 7.Bb3 O-O 8.c3 d6
9.h3 Bb7 10.d4 Qd7 11.d5  1/2-1/2

[Event "Women-Veterans"]
[Site "Aruba"]
[Date "1992.??.??"]
[Round "5"]
[White "Arakhamia, Ketevan"]
[Black "Ivkov, Borislav"]
[Result "1-0"]
[WhiteElo "2435"]
[BlackElo "2495"]

1.e4 e5 2.Nf3 Nc6 3.Bb5 a6 4.Ba4 Nf6 5.O-O Be7 6.Re1 b5 7.Bb3 d6 8.c3 O-O
9.h3 Bb7 10.d4 Re8 11.Ng5 Rf8 12.Nf3 Re8 13.Nbd2 Bf8 14.a4 h6 15.Bc2 exd4
16.cxd4 Nb4 17.Bb1 c5 18.d5 g6 19.Nf1 Bg7 20.Bd2 Nfxd5 21.exd5 Bxb2 22.Rxe8+ Qxe8
23.Ba2 Bxd5 24.Bxb4 Bxf3 25.Qxf3 Bxa1 26.Bxf7+ Qxf7 27.Qxa8+ Qf8 28.Qxa6 cxb4
29.Qxb5 Qf4 30.Ne3 Qe4 31.a5 Qb1+ 32.Kh2 Be5+ 33.g3 b3 34.a6 Qa2 35.Qc4+ Kg7
36.Qc7+ Kf6 37.Ng4+ Ke6 38.Qc8+ Ke7 39.Qb7+ Ke6 40.Qc8+ Ke7 41.Qb7+ Ke6 42.a7 b2
43.Nxh6 Bxg3+ 44.Kxg3 b1=Q 45.Qxb1  1-0

[Event "Belgrade IKO"]
[Site "Belgrade"]
[Date "1992.??.??"]
[Round "8"]
[White "Popovic, Petar"]
[Black "Tosic, Miroslav"]
[Result "1-0"]
[WhiteElo "2535"]
[BlackElo "2435"]

1.e4 e5 2.Nf3 Nc6 3.Bb5 a6 4.Ba4 Nf6 5.O-O Be7 6.Re1 b5 7.Bb3 O-O 8.c3 d6
9.h3 Bb7 10.d4 Re8 11.Nbd2 Bf8 12.a3 h6 13.Bc2 Nb8 14.b4 Nbd7 15.Bb2 Qb8
16.c4 bxc4 17.dxe5 dxe5 18.Nxc4 c5 19.bxc5 Bxc5 20.Rb1 Qa7 21.Re2 Rad8 22.Qe1 Nh5
23.Rd2 f5 24.Rbd1 Nhf6 25.Nfxe5 Bxe4 26.Ba4 Ba8 27.Qf1 Ne4 28.Bxd7 Re7 29.Be6+ Rxe6
30.Rxd8+ Kh7 31.Bd4 Bb7 32.Nd7  1-0

[Event "Bucaramanga"]
[Site "Bucaramanga"]
[Date "1992.??.??"]
[Round "3"]
[White "Rodriguez, Amador"]
[Black "Henao, Raul Fernando"]
[Result "1-0"]
[WhiteElo "2495"]
[BlackElo "2390"]

1.e4 e5 2.Nf3 Nc6 3.Bb5 a6 4.Ba4 Nf6 5.O-O Be7 6.Re1 b5 7.Bb3 d6 8.c3 O-O
9.h3 Bb7 10.d4 Re8 11.Nbd2 Bf8 12.d5 Nb8 13.Nf1 Nbd7 14.Ng3 h6 15.Nf5 Nc5
16.Bc2 a5 17.Nh2 c6 18.Ng4 cxd5 19.exd5 e4 20.Be3 Rc8 21.Nxf6+ Qxf6 22.Ng3 Rcd8
23.b4 Nd7 24.Bd4 Qg5 25.Bxe4 axb4 26.cxb4 Rxe4 27.Nxe4 Qxd5 28.Bc3 Ne5 29.Qxd5 Bxd5
30.Rad1 Bxe4 31.Rxe4 Nc4 32.Rd5 Nb6 33.Rxb5 d5 34.Rd4 Rd6 35.Rd1 Be7  1-0

[Event "Spring op"]
[Site "Budapest"]
[Date "1992.??.??"]
[Round "?"]
[White "Kveinys, Aloyzas"]
[Black "Petran, Pal"]
[Result "1/2-1/2"]
[WhiteElo "2485"]
[BlackElo "2470"]

1.e4 e5 2.Nf3 Nc6 3.Bb5 a6 4.Ba4 Nf6 5.O-O Be7 6.Re1 b5 7.Bb3 d6 8.c3 O-O
9.h3 Bb7 10.d4 Re8 11.Nbd2 Bf8 12.a3 h6 13.Ba2 Nb8 14.d5 c6 15.c4 Qd7 16.b4 a5
17.Bb2 axb4 18.axb4 Na6 19.cxb5 cxb5 20.Bc3 Rac8 21.Rc1 g6 22.Nf1 Nh5 23.Ne3 Nf6
24.Bb1 Rc7 25.Qd2 Bg7 26.Bd3 Rec8 27.Bb2 Rxc1 28.Bxc1 Qc7 29.Bb2 Qb8 30.Nc2 Nc7
31.Qe2 Re8 32.Nd2 Re7  1/2-1/2

[Event "Spring op"]
[Site "Budapest"]
[Date "1992.??.??"]
[Round "?"]
[White "Votava, Jan"]
[Black "Horvath, Istvan"]
[Result "1-0"]
[WhiteElo "2385"]
[BlackElo "2235"]

1.e4 e5 2.Nf3 Nc6 3.Bb5 a6 4.Ba4 Nf6 5.O-O Be7 6.Re1 b5 7.Bb3 d6 8.c3 O-O
9.h3 Bb7 10.d4 Qd7 11.Nbd2 Rad8 12.Nf1 exd4 13.cxd4 d5 14.e5 Ne4 15.Ne3 Na5
16.Bc2 f5 17.exf6 Bxf6 18.Nxd5 Bxd5 19.Bxe4 Bxe4 20.Rxe4 c5 21.Qe1 Nc4 22.dxc5 Na3
23.Re2 Qf5 24.Qb4 Nc2 25.Qb3+  1-0

[Event "Budapest Nuovo"]
[Site "Budapest"]
[Date "1992.??.??"]
[Round "5"]
[White "Luther, Thomas"]
[Black "Hazai, Laszlo"]
[Result "1/2-1/2"]
[WhiteElo "2490"]
[BlackElo "2460"]

1.e4 e5 2.Nf3 Nc6 3.Bb5 a6 4.Ba4 Nf6 5.O-O Be7 6.Re1 b5 7.Bb3 O-O 8.c3 d6
9.h3 Bb7 10.d4 Re8 11.Ng5 Rf8 12.Nf3 Re8 13.Nbd2 Bf8 14.a4 h6 15.Bc2 exd4
16.cxd4 Nb4 17.Bb1 c5 18.d5 Nd7 19.Ra3 f5 20.Nh2 Nf6 21.Rf3 Re5 22.Rxf5 Rxf5
23.exf5 Bxd5 24.Ne4 Bxe4 25.Bxe4 d5 26.Bf3 Ra7 27.Ng4 Nxg4 28.hxg4 Re7 29.Re6 Rxe6
30.fxe6 Qd6 31.Qe2 c4 32.g5 Nd3 33.Bd2 Ne5 34.Bg4 Nxg4 35.Qxg4 hxg5 36.axb5 axb5
37.Qf5 Be7 38.Qf7+ Kh7 39.Qh5+ Kg8 40.Qf7+ Kh7  1/2-1/2

[Event "Donau Cup op"]
[Site "Budapest"]
[Date "1992.??.??"]
[Round "5"]
[White "Hardicsay, Peter"]
[Black "Almasi, Zoltan"]
[Result "1/2-1/2"]
[WhiteElo "2355"]
[BlackElo "2390"]

1.e4 e5 2.Nf3 Nc6 3.Bb5 a6 4.Ba4 Nf6 5.O-O Be7 6.Re1 b5 7.Bb3 d6 8.c3 O-O
9.h3 Re8 10.Ng5 Rf8 11.Nf3 Bb7 12.d4 Re8 13.Ng5 Rf8 14.Nf3 Nd7 15.Nbd2 Bf6
16.Nf1 Re8 17.Ng3 g6 18.Bh6 Na5 19.Bc2 exd4 20.cxd4 c5 21.Rc1 cxd4 22.Nxd4 d5
23.b3 Rc8 24.Nf3 Bb2 25.Rb1 Bc3 26.Re3 dxe4 27.Bxe4 Nf6 28.Bxb7 Qxd1+ 29.Rxd1 Nxb7
30.Rxe8+ Rxe8 31.Kf1 b4 32.Nh2 a5 33.Ng4 Nxg4 34.hxg4 Nc5 35.f3 Ra8 36.Ne2 Bg7  1/2-1/2

[Event "Calimanesti (Women)"]
[Site "Calimanesti"]
[Date "1992.??.??"]
[Round "?"]
[White "Safranska, Anda"]
[Black "Wang Lei"]
[Result "0-1"]
[WhiteElo "2260"]
[BlackElo "2210"]

1.e4 e5 2.Nf3 Nc6 3.Bb5 a6 4.Ba4 Nf6 5.O-O Be7 6.Re1 b5 7.Bb3 O-O 8.h3 d6
9.c3 Bb7 10.d4 Re8 11.Nbd2 Bf8 12.Bc2 g6 13.a4 exd4 14.Nxd4 Nxd4 15.cxd4 Bg7
16.Ra3 Re7 17.f3 c5 18.d5 Nh5 19.Nf1 Be5 20.Bg5 Bxb2 21.Bxe7 Qxe7 22.Ra2 Bd4+
23.Kh1 Nf4 24.Bd3 Nxd3 25.Qxd3 Bxd5 26.exd5 Qxe1 27.axb5 a5 28.g3 a4 29.Kg2 a3
30.h4 Bb2 31.Qe4 Qc3 32.b6 Qb3 33.b7 Rb8 34.Qb1 Rxb7  0-1

[Event "CSR-chT"]
[Site "CSR"]
[Date "1992.??.??"]
[Round "?"]
[White "Gazik, Igor"]
[Black "Smejkal, Jan"]
[Result "1-0"]
[WhiteElo "2435"]
[BlackElo "2535"]

1.e4 e5 2.Nf3 Nc6 3.Bb5 a6 4.Ba4 Nf6 5.O-O Be7 6.Re1 b5 7.Bb3 d6 8.c3 O-O
9.h3 Bb7 10.d4 Re8 11.a4 h6 12.Nbd2 Bf8 13.Bc2 exd4 14.cxd4 Nb4 15.Bb1 c5
16.b3 cxd4 17.Nxd4 Qc7 18.Bb2 d5 19.Nf5 dxe4 20.Nxh6+ gxh6 21.Bxf6 Qf4 22.Bd4 Rad8
23.Be3 Qe5 24.Bc2 f5 25.axb5 Qxb5 26.Rc1 Nd5 27.Bd4 Nf4 28.Bc3 Re6 29.Re3 Rg6
30.b4 Nxg2 31.Bb3+ Kh7 32.Rg3 Rxg3 33.fxg3 Qb6+ 34.Kxg2 e3+ 35.Kh2 exd2 36.Qf1  1-0

[Event "EU-chT (Women)"]
[Site "Debrecen"]
[Date "1992.??.??"]
[Round "7"]
[White "Arakhamia, Ketevan"]
[Black "Foisor, Cristina Adela B"]
[Result "1/2-1/2"]
[WhiteElo "2435"]
[BlackElo "2365"]

1.e4 e5 2.Nf3 Nc6 3.Bb5 a6 4.Ba4 Nf6 5.O-O Be7 6.Re1 b5 7.Bb3 d6 8.c3 O-O
9.h3 Bb7 10.d4 Re8 11.Ng5 Rf8 12.Nf3 Re8 13.Nbd2 Bf8 14.a4 h6 15.d5 Nb8 16.c4 bxc4
17.Nxc4 c6 18.dxc6 Nxc6 19.Be3 Nd4 20.Bxd4 exd4 21.e5 dxe5 22.Ncxe5 Bd5 23.Bxd5 Qxd5
24.Qxd4 Qxd4 25.Nxd4 Rab8 26.Re2 Nd5 27.Ndc6 Rb6 28.Rd2 Nb4 29.Nxb4 Rxb4
30.Nd7 Rc8 31.g3 h5 32.h4 g6 33.Nf6+ Kg7 34.Nd5 Rb3 35.Kg2 Rcb8 36.Rb1 Rc8
37.Re2 Rc4 38.Ra1 Bc5 39.Nc7 Bd4 40.Ne8+ Kf8 41.Nd6 Rc6 42.Re8+ Kg7 43.Rd8 Rxb2
44.Nf5+ gxf5 45.Rxd4 Rcc2 46.Rf4 Kg6 47.Rd1 Rd2 48.Rc1 Rdc2 49.Rxc2 Rxc2
50.Rb4 Rc6 51.a5 Kf6 52.Rb6 Re6 53.Kf3 Ke7 54.Rb7+ Kf6 55.Rb6 Ke7 56.Rb7+ Kf6
57.Ra7 Rd6 58.Kf4 Rd4+ 59.Ke3 Re4+ 60.Kd3 Re6 61.Rb7 f4 62.gxf4 Re1 63.Rb6+ Kf5
64.Rxa6 Ra1 65.Ra7 f6 66.Ra6 Ra4 67.Ke2  1/2-1/2

[Event "Dortmund op-A"]
[Site "Dortmund"]
[Date "1992.??.??"]
[Round "4"]
[White "Leko, Peter"]
[Black "Ibragimov, Ildar"]
[Result "0-1"]
[WhiteElo "2385"]
[BlackElo "2515"]

1.e4 e5 2.Nf3 Nc6 3.Bb5 a6 4.Ba4 Nf6 5.O-O Be7 6.Re1 b5 7.Bb3 d6 8.c3 O-O
9.h3 Bb7 10.d4 Re8 11.Nh4 Rf8 12.Nf3 Na5 13.Bc2 Nc4 14.b3 Nb6 15.Bb2 Re8
16.Nbd2 Bf8 17.dxe5 dxe5 18.c4 Nfd7 19.cxb5 axb5 20.Bd3 b4 21.Qc2 Bd6 22.Nc4 Nxc4
23.Bxc4 Nc5 24.Nd2 Ra7 25.Nf1 Qa8 26.Ng3 Ba6 27.Bxa6 Rxa6 28.Bc1 g6 29.Be3 Ne6
30.Nf1 Qc6 31.Qxc6 Rxc6 32.Nd2 Bc5 33.Bxc5 Rxc5 34.Rec1 Rc3 35.Nc4 Nd4 36.Rd1 f6
37.Rd2 Kf7 38.Rad1 Ke6 39.Ne3 c6 40.Nc4 Ra8 41.Kf1 g5 42.Nb6 Ra7 43.Na4 c5
44.Nb6 h5 45.Kg1 g4 46.h4 g3 47.f3 Rc2 48.Rxc2 Nxc2 49.Na4 c4 50.Rc1 Ne3
51.Re1 cxb3 52.axb3 Rc7 53.Nb2 Rc2 54.Nd3 Rxg2+  0-1

[Event "FIN-chT"]
[Site "FIN"]
[Date "1992.??.??"]
[Round "?"]
[White "Ebeling, Mika"]
[Black "Rantanen, Yrjo A"]
[Result "1-0"]
[WhiteElo "2345"]
[BlackElo "2410"]

1.e4 e5 2.Nf3 Nc6 3.Bb5 a6 4.Ba4 Nf6 5.O-O Be7 6.Re1 b5 7.Bb3 d6 8.c3 O-O
9.h3 Bb7 10.d4 Qd7 11.a4 Rae8 12.axb5 axb5 13.d5 Nd8 14.c4 bxc4 15.Bxc4 c6
16.Nc3 h6 17.Be3 Qc8 18.Qd3 cxd5 19.Nxd5 Nxd5 20.Bxd5 Bxd5 21.Qxd5 Qb8 22.Reb1 Ne6
23.b4 Nf4 24.Bxf4 exf4 25.b5 Rc8 26.b6 Rc5 27.Qd2 Bf6 28.e5 Bxe5 29.Nxe5 Rxe5
30.b7 Ree8 31.Ra8 Qc7 32.Rxe8 Rxe8 33.Qc1 Qxc1+ 34.Rxc1  1-0

[Event "GER CupT"]
[Site "Germany"]
[Date "1992.??.??"]
[Round "?"]
[White "Khalifman, Alexander"]
[Black "Gabriel, Christian"]
[Result "1/2-1/2"]
[WhiteElo "2625"]
[BlackElo "2360"]

1.e4 e5 2.Nf3 Nc6 3.Bb5 a6 4.Ba4 Nf6 5.O-O Be7 6.Re1 b5 7.Bb3 d6 8.c3 O-O
9.h3 Bb7 10.d4 Re8 11.Ng5 Rf8 12.Nf3 Re8 13.Nbd2 Bf8 14.Bc2 g6 15.d5 Ne7
16.c4 c6 17.b3 Nc8 18.a4 Nb6 19.a5 Nbd7 20.Nf1 Qc7 21.Bg5 Rec8 22.Bd3 h6
23.Bh4 cxd5 24.cxd5 Qc3 25.Re3 Qb4  1/2-1/2

[Event "BL2-S9192"]
[Site "Germany"]
[Date "1992.??.??"]
[Round "?"]
[White "Mokry, Karel"]
[Black "Gabriel, Christian"]
[Result "0-1"]
[WhiteElo "2535"]
[BlackElo "2360"]

1.e4 e5 2.Nf3 Nc6 3.Bb5 a6 4.Ba4 Nf6 5.O-O Be7 6.Re1 b5 7.Bb3 d6 8.c3 O-O
9.h3 Bb7 10.d4 Re8 11.a4 Qd7 12.axb5 axb5 13.Rxa8 Bxa8 14.Na3 exd4 15.cxd4 Bf8
16.d5 Nb4 17.Qd4 c5 18.dxc6 Nxc6 19.Qd3 Na5 20.Bd5 Nxd5 21.exd5 Rxe1+ 22.Nxe1 Qc8
23.Bd2 Nc4 24.Nxb5 Qc5 25.Nc3 Nxb2 26.Qb5 Qxb5 27.Nxb5 Bxd5 28.Bb4 Nc4 29.Nc2 Bc6
30.Nbd4 Ba4 31.Na3 Nxa3 32.Bxa3 g6 33.Ne2 f5 34.f4 Kf7 35.Kf2 Ke6 36.Ke3 Bg7
37.Bb4 Bc6 38.g3 Bg2 39.h4 Bf6 40.Bc3 Bd8 41.Bd4 Kd5 42.Nc3+ Kc4 43.Na4 Kb5
44.Nc3+ Kb4 45.Nb1 Kc4 46.Na3+ Kd5 47.Nb5 h5 48.Nc3+ Kc4 49.Na4 Kb5 50.Nc3+ Kb4
51.Nb1 Bd5 52.Nd2 Kb5 53.Nb1 Ba5 54.Bc3 Bb6+ 55.Bd4 Bc5 56.Nd2 Bb4 57.Kd3 Bg2
58.Bf2 Kc6 59.Bd4 Kd5 60.Be3 Be4+ 61.Ke2 Bc2 62.Nf3 Kc4 63.Bd2 Bc5 64.Ng5 Bd3+
65.Kf3 d5 66.Ne6 Be7 67.Be3 Bf6 68.Nf8 Kc3 69.Nd7 Bg7 70.Bb6 Be4+ 71.Ke2 d4
72.Kd1 Bc2+ 73.Ke1 d3 74.Ba5+ Kd4 75.Kd2 Ke4 76.Ne5 Bf8 77.Ke1 Bc5 78.Bd2 Be3
79.Nxg6 Bxd2+ 80.Kxd2 Kf3 81.Ne7  0-1

[Event "Hafnarfirdi"]
[Site "Hafnarfirdi"]
[Date "1992.??.??"]
[Round "2"]
[White "Howell, James C"]
[Black "Stefansson, Hannes"]
[Result "1/2-1/2"]
[WhiteElo "2465"]
[BlackElo "2455"]

1.e4 e5 2.Nf3 Nc6 3.Bb5 a6 4.Ba4 Nf6 5.O-O Be7 6.Re1 b5 7.Bb3 d6 8.c3 O-O
9.h3 Bb7 10.d4 Re8 11.Ng5 Rf8 12.Nf3 Re8 13.Nbd2 Bf8 14.a4 h6 15.d5 Ne7 16.Nf1 c6
17.dxc6 Bxc6 18.Ng3 Ng6 19.Bc2 Qd7 20.Nh2 Rad8 21.Ng4 Nxg4 22.Qxg4 Qxg4 23.hxg4 Nf4
24.axb5 axb5 25.Bxf4 exf4 26.Nh5 d5 27.exd5 Rxd5 28.Rxe8 Bxe8 29.Nxf4 Rd2
30.Re1  1/2-1/2

[Event "Helsinki op"]
[Site "Helsinki"]
[Date "1992.??.??"]
[Round "3"]
[White "Ebeling, Mika"]
[Black "Durao, Joaquim"]
[Result "1-0"]
[WhiteElo "2375"]
[BlackElo "2220"]

1.e4 e5 2.Nf3 Nc6 3.Bb5 a6 4.Ba4 Nf6 5.O-O Be7 6.Re1 b5 7.Bb3 O-O 8.c3 d6
9.h3 Bb7 10.d4 Re8 11.Ng5 Rf8 12.Nf3 Re8 13.Nbd2 Bf8 14.a4 h6 15.Bc2 g6 16.d5 Ne7
17.c4 c6 18.b3 Qc7 19.a5 Rac8 20.Ra2 cxd5 21.cxd5 Nexd5 22.exd5 Nxd5 23.Ne4 f5
24.Nfd2 Bg7 25.Bb1 fxe4 26.Nxe4 Nb4 27.Nxd6 Nxa2 28.Nxe8 Qxc1 29.Qd7 Qxe1+
30.Kh2 Rxe8 31.Qxe8+ Bf8 32.Qxg6+ Bg7 33.Qe6+  1-0

[Event "Oberliga Hessen"]
[Site "Hessen"]
[Date "1992.??.??"]
[Round "?"]
[White "Pioch, Thomas"]
[Black "Staller, Peter"]
[Result "1/2-1/2"]
[WhiteElo "2220"]
[BlackElo "2360"]

1.e4 e5 2.Nf3 Nc6 3.Bb5 a6 4.Ba4 Nf6 5.O-O Be7 6.Re1 b5 7.Bb3 d6 8.c3 O-O
9.h3 Bb7 10.d4 Re8 11.Nbd2 Bf8 12.a3 h6 13.Bc2 Nb8 14.b4 Nbd7 15.Bb2 g6 16.a4 Bg7
17.dxe5 Nxe5 18.Nxe5 dxe5 19.Nb3 Qxd1 20.Raxd1 Bf8 21.Na5 Bc8 22.Re2 c5 23.bxc5 Bxc5
24.Nb3 Bf8 25.Na5 Be6 26.Ra1  1/2-1/2

[Event "Holguin"]
[Site "Holguin"]
[Date "1992.??.??"]
[Round "?"]
[White "Leyva, Hector"]
[Black "Leyva, Ricardo"]
[Result "1-0"]
[WhiteElo "2295"]
[BlackElo "2275"]

1.e4 e5 2.Nf3 Nc6 3.Bb5 a6 4.Ba4 Nf6 5.O-O Be7 6.Re1 b5 7.Bb3 O-O 8.c3 d6
9.h3 Bb7 10.d4 Re8 11.Nbd2 h6 12.Nf1 Bf8 13.Ng3 g6 14.Nh2 Na5 15.Bc2 Bg7
16.f4 exf4 17.Bxf4 c5 18.Nf3 Rc8 19.Re2 Qe7 20.Qe1 Nd7 21.Rd1 Nc4 22.Bb1 b4
23.Bd3 Ndb6 24.b3 Na3 25.c4 a5 26.Qd2 Kh7 27.Rf1 cxd4 28.e5 d5 29.c5 Nd7
30.e6 Nxc5 31.exf7 Qxf7 32.Bxh6 Rxe2 33.Ng5+ Kg8 34.Rxf7 Rxd2 35.Rxg7+ Kf8
36.Bxg6  1-0

[Event "HUN-ch"]
[Site "?"]
[Date "1992.??.??"]
[Round "5"]
[White "Leko, Peter"]
[Black "Almasi, Zoltan"]
[Result "1/2-1/2"]
[WhiteElo "2460"]
[BlackElo "2470"]

1.e4 e5 2.Nf3 Nc6 3.Bb5 a6 4.Ba4 Nf6 5.O-O Be7 6.Re1 b5 7.Bb3 O-O 8.c3 d6
9.h3 Bb7 10.d4 Re8 11.Nbd2 Bf8 12.a3 h6 13.Bc2 Nb8 14.b3 Nbd7 15.Bb2 g6 16.Rc1 Rc8
17.d5 c6 18.c4 a5 19.a4 bxa4 20.bxa4 Ba6 21.Ba3 cxd5 22.cxd5 Nc5 23.Bxc5 Rxc5
24.Nb3 Rc3 25.Bb1 Rxc1 26.Qxc1 Qb6 27.Qc3 Rc8 28.Qxa5 Qxb3 29.Qxa6 Rc3 30.Nxe5 Qb4
31.Rf1 Ra3 32.Nc6 Qxa4 33.Qe2 Rc3 34.Re1 Qa3 35.Qd2 Qc5 36.Kh2 Bg7 37.Qf4 Nh5
38.Ne7+ Kf8 39.Nxg6+ Ke8 40.Qf5 fxg6 41.Qxg6+ Kd8 42.Qf7 Be5+ 43.g3 Nxg3
44.Kg2 Rb3 45.Qf8+ Kc7 46.Qe7+ Kb8 47.Qe8+ Kb7 48.Qd7+ Kb6 49.Qd8+ Qc7 50.Qxc7+ Kxc7
51.fxg3 Rxg3+ 52.Kf2 Rxh3 53.Rd1 Kd7 54.Bd3 Ke7 55.Bf1 Ra3 56.Rd3 Ra2+ 57.Be2 Kf6
58.Rf3+ Kg6 59.Rh3 Bd4+ 60.Kf3 h5 61.Rh2 Be5 62.Rh1 Bf6 63.e5 Bxe5 64.Ke3 Ra3+
65.Bd3+ Kh6 66.Ke2 Bg3 67.Bf5 Kg5 68.Be6 h4 69.Rd1 Kf4 70.Rd4+ Ke5 71.Rd3 Ra2+
72.Rd2 Ra4 73.Kf3 Ra3+ 74.Kg4 Re3 75.Ra2 Be1 76.Rh2 Ke4 77.Rh3 Bg3 78.Rh1 Bf2
79.Rh3 Re1 80.Ra3 Rg1+ 81.Kh3 Bg3 82.Ra4+ Ke5 83.Ra3 Kf4 84.Ra4+ Kg5 85.Rg4+ Kf6
86.Ra4 Rh1+ 87.Kg4 Re1 88.Ra3 Re4+ 89.Kh3 Rf4 90.Ra8 Ke5 91.Ra3 Rd4 92.Rf3 Ke4
93.Kg4 Rb4 94.Ra3 Ke5+ 95.Kh3 Kf4 96.Rc3 Rd4 97.Rc8 Rd3 98.Rf8+ Ke5 99.Kg4 Rd4+
100.Kh3 Ke4 101.Rg8 Rd2 102.Ra8 Ke3 103.Rf8 Ke2 104.Rf7 Rd3 105.Kg2 Rd2 106.Kh3 Ke1
107.Rf3 Bf2 108.Kg2  1/2-1/2

[Event "HUN-chT"]
[Site "HUN"]
[Date "1992.??.??"]
[Round "?"]
[White "Fogarasi, Tibor"]
[Black "Petran, Pal"]
[Result "1-0"]
[WhiteElo "2445"]
[BlackElo "2470"]

1.e4 e5 2.Nf3 Nc6 3.Bb5 a6 4.Ba4 Nf6 5.O-O Be7 6.Re1 b5 7.Bb3 d6 8.c3 O-O
9.h3 Bb7 10.d4 Re8 11.Nbd2 Bf8 12.a4 h6 13.Bc2 exd4 14.cxd4 Nb4 15.Bb1 c5
16.d5 Nd7 17.Ra3 f5 18.Nh2 Nf6 19.Rf3 Re5 20.Rxf5 Rxf5 21.exf5 Bxd5 22.Ng4 Be7
23.Qe2 Nxg4 24.hxg4 Bf6 25.axb5 axb5 26.Qxb5 Rb8 27.Qe2 Qd7 28.Nf3 Nc6 29.g5 Bxf3
30.Qxf3 hxg5 31.Ba2+ Kf8 32.Qd5  1-0

[Event "Hyeres op"]
[Site "Hyeres"]
[Date "1992.??.??"]
[Round "?"]
[White "Lanka, Zigurds"]
[Black "Foisor, Cristina Adela B"]
[Result "0-1"]
[WhiteElo "2520"]
[BlackElo "2365"]

1.e4 e5 2.Nf3 Nc6 3.Bb5 a6 4.Ba4 Nf6 5.O-O Be7 6.Re1 b5 7.Bb3 d6 8.c3 O-O
9.h3 Bb7 10.d4 Re8 11.Nbd2 Bf8 12.a3 h6 13.Bc2 Nb8 14.b4 Nbd7 15.Bb2 g6 16.Qb1 Rb8
17.Nb3 Ba8 18.d5 c6 19.dxc6 Bxc6 20.Na5 Ba8 21.c4 Nc5 22.cxb5 axb5 23.bxc5 Qxa5
24.cxd6 Bxd6 25.Bb3 Qa7 26.Bc1 Bc5 27.Be3 Kg7 28.Qb2 Bxe3 29.Rxe3 Qe7 30.Rae1 Bc6
31.Bd5 Bxd5 32.exd5 Nxd5 33.Rxe5 Qf6 34.Qb3 Nc7 35.Rxe8 Nxe8 36.Ne5 Qe6 37.Qb4 Qd6
38.Qb2 Nf6 39.Re3 b4 40.a4 Re8 41.g3 Re6 42.Kh2 h5 43.f4 Qa6 44.f5 gxf5 45.Rf3 Qxa4
46.Rxf5 b3 47.Rf2 Kg8 48.Nf3 Ne4 49.Rg2 Rc6 50.Nd4 Rc3 51.Nf5 Qd7 52.Nh6+ Kh7
53.Qe2 Nxg3 54.Qe5 Qc7 55.Nxf7 Nf1+ 56.Kg1 Qxe5 57.Nxe5 Ne3 58.Rb2 Nd1 59.Rd2 b2  0-1

[Event "Karvina op"]
[Site "Karvina"]
[Date "1992.??.??"]
[Round "6"]
[White "Bashkov, Viacheslav"]
[Black "Szymczak, Zbigniew"]
[Result "1-0"]
[WhiteElo "2470"]
[BlackElo "2325"]

1.e4 e5 2.Nf3 Nc6 3.Bb5 a6 4.Ba4 Nf6 5.O-O Be7 6.Re1 b5 7.Bb3 d6 8.c3 O-O
9.h3 Bb7 10.d4 Re8 11.Nbd2 Bf8 12.a4 h6 13.Bc2 exd4 14.cxd4 Nb4 15.Bb1 c5
16.d5 Nd7 17.Ra3 f5 18.Nh2 Nf6 19.Rg3 Qd7 20.b3 Qf7 21.Bb2 Rad8 22.Kf1 Kh8
23.exf5 Rxe1+ 24.Qxe1 Re8 25.Qc1 Nbxd5 26.axb5 axb5 27.Ng4 Nh5 28.Rf3 Ndf6
29.Nxf6 Nxf6 30.Rg3 d5 31.Rg6 d4 32.b4 Qc7 33.Kg1 Qe5 34.bxc5 Bxc5 35.Nf1 Bb6
36.Ba2 Qxf5 37.Rxh6+ gxh6 38.Qxh6+ Nh7 39.Qxb6 Bxg2 40.Qxd4+  1-0

[Event "JUG-ch"]
[Site "Kladovo"]
[Date "1992.??.??"]
[Round "13"]
[White "Kosanovic, Goran A"]
[Black "Tosic, Miroslav"]
[Result "1/2-1/2"]
[WhiteElo "2395"]
[BlackElo "2435"]

1.e4 e5 2.Nf3 Nc6 3.Bb5 a6 4.Ba4 Nf6 5.O-O Be7 6.Re1 b5 7.Bb3 O-O 8.h3 Bb7
9.c3 d6 10.d4 Re8 11.Ng5  1/2-1/2

[Event "Linares NL"]
[Site "Linares"]
[Date "1992.??.??"]
[Round "?"]
[White "Sisniega, Marcel"]
[Black "Ivanov, Alexander"]
[Result "0-1"]
[WhiteElo "2500"]
[BlackElo "2545"]

1.e4 e5 2.Nf3 Nc6 3.Bb5 a6 4.Ba4 Nf6 5.O-O Be7 6.Re1 b5 7.Bb3 d6 8.c3 O-O
9.h3 Bb7 10.d4 Re8 11.Nbd2 Bf8 12.d5 Nb8 13.Nf1 Nbd7 14.Ng3 Nc5 15.Bc2 c6
16.b4 Ncd7 17.dxc6 Bxc6 18.Bb3 Nb6 19.Qd3 a5 20.bxa5 Rxa5 21.Be3 Na4 22.Bg5 Nb2
23.Qd2 Nc4 24.Qe2 Nb6 25.Rad1 h6 26.Bc1 Na4 27.Bd2 Nb2 28.Rb1 Nc4 29.Bc1 Na3
30.Bxa3 Rxa3 31.Rbd1 Qa8 32.Nh4 d5 33.exd5 Nxd5 34.Nh5 Rxb3 35.axb3 Nxc3
36.Qg4 Re6 37.Rd3 b4 38.Rg3 g6 39.Nf4 exf4 40.Rxe6 fxg3  0-1